[Event "Moscow Jan"]
[Site "Moscow"]
[Date "2007.01.20"]
[Round "11"]
[White "Kuznecov, Mikhail"]
[Black "Antipin, Alexey"]
[Result "1/2-1/2"]
[WhiteElo "2344"]
[BlackElo "2239"]
[PlyCount "23"]
[EventDate "2007.01.10"]
[EventType "tourn"]
[EventRounds "15"]
[EventCountry "RUS"]
[SourceTitle "EXT 2010"]
[Source "ChessBase"]
[SourceDate "2010.11.25"]
[SourceVersion "1"]
[SourceVersionDate "2010.11.25"]
[SourceQuality "1"]

1. c4 c5 2. Nf3 Nf6 3. d4 cxd4 4. Nxd4 b6 5. Nc3 Bb7 6. f3 e6 7. e4 d6 8. Be3 a6 9. Be2 Nbd7 10. 0-0 Be7 11. a4 0-0 12. Kh1 1/2-1/2

[Event "Moscow Rector Cup"]
[Site "Moscow"]
[Date "2006.07.12"]
[Round "13"]
[White "Antipin, Alexey"]
[Black "Alexandrova, Varvara"]
[Result "1/2-1/2"]
[WhiteElo "2244"]
[BlackElo "2212"]
[PlyCount "27"]
[EventDate "2006.07.02"]
[EventType "tourn"]
[EventRounds "15"]
[EventCountry "RUS"]
[SourceTitle "EXT 2008"]
[Source "ChessBase"]
[SourceDate "2007.11.25"]
[SourceVersion "1"]
[SourceVersionDate "2007.11.25"]
[SourceQuality "1"]

1. e4 c6 2. d4 d5 3. exd5 cxd5 4. c4 Nf6 5. Nc3 e6 6. Nf3 Bb4 7. cxd5 Nxd5 8. Qc2 Nc6 9. Be2 0-0 10. 0-0 Re8 11. Rd1 Bf8 12. Qe4 Bd7 13. Bg5 Be7 14. Bd2 1/2-1/2

[Event "Moscow Rector Cup"]
[Site "Moscow"]
[Date "2006.07.11"]
[Round "12"]
[White "Nagibin, George"]
[Black "Antipin, Alexey"]
[Result "1-0"]
[WhiteElo "2312"]
[BlackElo "2244"]
[PlyCount "89"]
[EventDate "2006.07.02"]
[EventType "tourn"]
[EventRounds "15"]
[EventCountry "RUS"]
[SourceTitle "EXT 2008"]
[Source "ChessBase"]
[SourceDate "2007.11.25"]
[SourceVersion "1"]
[SourceVersionDate "2007.11.25"]
[SourceQuality "1"]

1. d4 Nf6 2. g3 d6 3. Bg2 c6 4. c4 Bf5 5. Nc3 Nbd7 6. e4 Bg6 7. Nge2 e5 8. 0-0 Be7 9. Be3 a5 10. f3 0-0 11. Qd2 Re8 12. Rad1 exd4 13. Bxd4 Bf8 14. Nf4 Ne5 15. b3 Qc7 16. Qf2 Nfd7 17. Na4 b5 18. cxb5 cxb5 19. Nc3 Qb7 20. Ncd5 a4 21. h4 h6 22. b4 Rac8 23. h5 Bh7 24. Rc1 Rxc1 25. Rxc1 Rc8 26. Rxc8 Qxc8 27. Bf1 Qc1 28. Kg2 Qc6 29. Be2 Nc4 30. g4 Nde5 31. Qh4 f6 32. Kg3 Kf7 33. Qh1 Bg8 34. Qc1 Ke8 35. Ne3 Bf7 36. Qc3 Be7 37. Nfd5 Kf8 38. Bxe5 dxe5 39. Bxc4 bxc4 40. a3 f5 41. Nxe7 f4+ 42. Kg2 Kxe7 43. Qxe5+ Kf8 44. Qb8+ Be8 45. Qxf4+ 1-0

[Event "Moscow Rector Cup"]
[Site "Moscow"]
[Date "2006.07.09"]
[Round "10"]
[White "Zharov, Dmitry"]
[Black "Antipin, Alexey"]
[Result "1-0"]
[WhiteElo "2326"]
[BlackElo "2244"]
[PlyCount "113"]
[EventDate "2006.07.02"]
[EventType "tourn"]
[EventRounds "15"]
[EventCountry "RUS"]
[SourceTitle "EXT 2008"]
[Source "ChessBase"]
[SourceDate "2007.11.25"]
[SourceVersion "1"]
[SourceVersionDate "2007.11.25"]
[SourceQuality "1"]

1. e4 Nf6 2. e5 Nd5 3. d4 d6 4. Nf3 Bg4 5. Be2 e6 6. h3 Bh5 7. c4 Nb6 8. exd6 cxd6 9. Nc3 d5 10. cxd5 exd5 11. Ne5 Bxe2 12. Qxe2 Be7 13. Qb5+ N8d7 14. Nxd5 a6 15. Qb3 Nxe5 16. Nxe7 Qxd4 17. 0-0 Qd7 18. Qxb6 Qxe7 19. Bf4 0-0 20. Rfe1 f6 21. Bg3 Qf7 22. Bxe5 fxe5 23. Rxe5 Rac8 24. Re2 Rc6 25. Qd4 Rf6 26. b3 b5 27. Rae1 Rf4 28. Qe3 a5 29. f3 Qc7 30. Qe6+ R4f7 31. Re5 Qc2 32. Rxb5 Qxa2 33. Rf5 Qa3 34. Qd5 g6 35. Rxf7 Rxf7 36. Re8+ Kg7 37. Qe5+ Kh6 38. Qe3+ Kg7 39. Qc3+ Kh6 40. Re4 Qd6 41. Rh4+ Kg5 42. Rd4 Qc7 43. Rd5+ Kh6 44. Qxc7 Rxc7 45. Rxa5 Rb7 46. Ra3 Kg7 47. Kf2 Kf6 48. Ke2 Ke5 49. Kd3 h6 50. h4 Kf4 51. Ra4+ Ke5 52. b4 Kf4 53. b5+ Ke5 54. h5 g5 55. Kc4 Rc7+ 56. Kb4 Rc2 57. g4 1-0

[Event "Moscow Rector Cup"]
[Site "Moscow"]
[Date "2006.07.06"]
[Round "6"]
[White "Kuznecov, Mikhail"]
[Black "Antipin, Alexey"]
[Result "0-1"]
[WhiteElo "2343"]
[BlackElo "2244"]
[PlyCount "58"]
[EventDate "2006.07.02"]
[EventType "tourn"]
[EventRounds "15"]
[EventCountry "RUS"]
[SourceTitle "EXT 2008"]
[Source "ChessBase"]
[SourceDate "2007.11.25"]
[SourceVersion "1"]
[SourceVersionDate "2007.11.25"]
[SourceQuality "1"]

1. e4 c5 2. Nf3 Nc6 3. d4 cxd4 4. c3 dxc3 5. Bc4 e6 6. 0-0 Nge7 7. Nxc3 g6 8. Qe2 Bg7 9. Rd1 0-0 10. Bf4 a6 11. Rac1 b5 12. Bb3 Na5 13. Bc2 Bb7 14. e5 Bxf3 15. Qxf3 Nec6 16. a4 Nxe5 17. Qg3 Nac6 18. axb5 axb5 19. Rd6 Nc4 20. Nxb5 Qb6 21. Bd3 Nxd6 22. Bxd6 Rfc8 23. b4 Ra2 24. Qf3 Bd4 25. Nxd4 Qxd4 26. Bc5 Ne5 27. Qf6 Qxd3 28. Qxe5 d6 29. Qe3 Qxe3 0-1

[Event "RUS-chT2 12th"]
[Site "Smolensk"]
[Date "2005.02.09"]
[Round "8"]
[White "Antipin, Alexey"]
[Black "Nikolaev, Nikita"]
[Result "1/2-1/2"]
[WhiteElo "2208"]
[BlackElo "2339"]
[PlyCount "69"]
[EventDate "2005.02.03"]
[EventType "team"]
[EventRounds "11"]
[EventCountry "RUS"]
[SourceTitle "CBM 104 Extra"]
[Source "ChessBase"]
[SourceDate "2005.03.01"]
[SourceVersion "1"]
[SourceVersionDate "2005.03.01"]
[SourceQuality "1"]

1. d4 Nf6 2. c4 g6 3. Nc3 Bg7 4. e4 d6 5. Nf3 0-0 6. Be2 Na6 7. 0-0 e5 8. Re1 Qe8 9. d5 Nc5 10. Nd2 a5 11. b3 Bh6 12. Bf1 Nh5 13. Ba3 b6 14. Nb5 Qe7 15. b4 axb4 16. Bxb4 f5 17. Bxc5 bxc5 18. a4 Rf7 19. exf5 Bxf5 20. a5 Bc8 21. Ra3 Bxd2 22. Qxd2 Ba6 23. g3 Raf8 24. Bh3 Ng7 25. f4 Nf5 26. fxe5 dxe5 27. Qe2 Bxb5 28. cxb5 c4 29. Bxf5 Rxf5 30. d6 Qxd6 31. Qxc4+ Kh8 32. Rd3 Qf6 33. Rdd1 Rf2 34. Qxc7 Rg2+ 35. Kxg2 1/2-1/2

[Event "RUS-chT2 12th"]
[Site "Smolensk"]
[Date "2005.02.07"]
[Round "6"]
[White "Antipin, Alexey"]
[Black "Pogosian, Georgy"]
[Result "1/2-1/2"]
[WhiteElo "2208"]
[BlackElo "2246"]
[PlyCount "73"]
[EventDate "2005.02.03"]
[EventType "team"]
[EventRounds "11"]
[EventCountry "RUS"]
[SourceTitle "CBM 104 Extra"]
[Source "ChessBase"]
[SourceDate "2005.03.01"]
[SourceVersion "1"]
[SourceVersionDate "2005.03.01"]
[SourceQuality "1"]

1. d4 Nf6 2. c4 e6 3. Nf3 d5 4. Nc3 c5 5. cxd5 Nxd5 6. Ne4 cxd4 7. Nxd4 Bb4+ 8. Bd2 0-0 9. e3 Bd7 10. Bd3 Nc6 11. 0-0 Bxd2 12. Qxd2 Nxd4 13. exd4 Bc6 14. Rfe1 Nf6 15. Nc3 Qd6 16. Re3 Nd5 17. Rh3 f5 18. Ne2 Rad8 19. Re1 Rf6 20. Rg3 a6 21. a3 Qd7 22. Nc3 Nxc3 23. bxc3 b5 24. Bc2 Bd5 25. a4 h6 26. axb5 axb5 27. Rb1 Bc4 28. f4 Ra8 29. Bd3 Ra2 30. Rb2 Rxb2 31. Qxb2 Bxd3 32. Rxd3 Qd5 33. Re3 Rf8 34. Re5 Qc4 35. Rxb5 Qd3 36. Re5 Rc8 37. Rxe6 1/2-1/2

[Event "RUS Central Region-ch U18"]
[Site "Tula"]
[Date "2004.11.03"]
[Round "2"]
[White "Antipin, Alexey"]
[Black "Kondaurov, Anton"]
[Result "1-0"]
[WhiteElo "2208"]
[BlackElo "2086"]
[PlyCount "39"]
[EventDate "2004.11.02"]
[EventType "swiss"]
[EventRounds "9"]
[EventCountry "RUS"]
[SourceTitle "EXT 2006"]
[Source "ChessBase"]
[SourceDate "2005.11.24"]
[SourceVersion "1"]
[SourceVersionDate "2005.11.24"]
[SourceQuality "1"]

1. d4 d5 2. c4 c6 3. Nc3 Nf6 4. Bf4 dxc4 5. e3 b5 6. a4 Qb6 7. Nf3 e6 8. Be2 Bb4 9. 0-0 0-0 10. Qc2 Bb7 11. e4 Nbd7 12. Be3 a6 13. e5 Nd5 14. Ng5 g6 15. Qe4 h6 16. Nxe6 Rfe8 17. Bg4 N7f6 18. exf6 Nxf6 19. Qe5 Be7 20. Ne4 1-0

[Event "RUS-ch U16"]
[Site "Dagomys"]
[Date "2004.04.??"]
[Round "?"]
[White "Akimov, Dmitry"]
[Black "Antipin, Alexey"]
[Result "1-0"]
[WhiteElo "2291"]
[BlackElo "2173"]
[PlyCount "70"]
[EventDate "2004.04.??"]
[EventType "swiss"]
[EventRounds "10"]
[EventCountry "RUS"]
[SourceTitle "EXT 2005"]
[Source "ChessBase"]
[SourceDate "2004.11.15"]
[SourceVersion "1"]
[SourceVersionDate "2004.11.15"]
[SourceQuality "1"]

1. e4 c5 2. c3 Nf6 3. e5 Nd5 4. d4 cxd4 5. Nf3 d6 6. cxd4 Bg4 7. Bc4 e6 8. 0-0 Nc6 9. Re1 Be7 10. Nbd2 0-0 11. Nb3 Qc7 12. Bxd5 exd5 13. Bf4 Rfe8 14. h3 Bh5 15. Rc1 Qd7 16. g4 Bg6 17. exd6 Bxd6 18. Ne5 Bxe5 19. Bxe5 b6 20. Qd2 Be4 21. Bg3 h5 22. Qf4 hxg4 23. hxg4 Re6 24. g5 f6 25. Qc7 Qe8 26. Rxe4 Rxe4 27. Qxc6 Re1+ 28. Kg2 Qxc6 29. Rxc6 fxg5 30. Nc1 Rd1 31. Be5 Rf8 32. Nb3 Rf7 33. Rc2 Re1 34. Nc1 Rd1 35. Ne2 Rd7 1-0

[Event "RUS-ch U16"]
[Site "Dagomys"]
[Date "2004.04.??"]
[Round "?"]
[White "Antipin, Alexey"]
[Black "Lyanguzov, Oleg"]
[Result "0-1"]
[WhiteElo "2173"]
[BlackElo "2303"]
[PlyCount "63"]
[EventDate "2004.04.??"]
[EventType "swiss"]
[EventRounds "10"]
[EventCountry "RUS"]
[SourceTitle "EXT 2005"]
[Source "ChessBase"]
[SourceDate "2004.11.15"]
[SourceVersion "1"]
[SourceVersionDate "2004.11.15"]
[SourceQuality "1"]

1. e4 c5 2. Nf3 d6 3. d4 cxd4 4. Nxd4 Nf6 5. Nc3 Nc6 6. g3 Bg4 7. Nf3 e6 8. h3 Bh5 9. Bg2 Be7 10. 0-0 Ne5 11. Bf4 Bxf3 12. Bxf3 Qb6 13. b3 Qc6 14. Bd2 Nxf3+ 15. Qxf3 b5 16. Rac1 b4 17. Ne2 a5 18. c4 Qxe4 19. Qxe4 Nxe4 20. Be3 0-0 21. f3 Nc5 22. Nd4 Bf6 23. Nb5 Nb7 24. Rfd1 Ra6 25. Bf4 Rd8 26. Rc2 g5 27. Be3 Kf8 28. f4 h6 29. Rf2 Ke7 30. Rdf1 Nc5 31. Re2 Ne4 32. Kg2 0-1

[Event "RUS-ch U16"]
[Site "Dagomys"]
[Date "2004.04.??"]
[Round "?"]
[White "Antipin, Alexey"]
[Black "Rakhmanov, Alexander"]
[Result "1-0"]
[WhiteElo "2173"]
[BlackElo "2231"]
[PlyCount "55"]
[EventDate "2004.04.??"]
[EventType "swiss"]
[EventRounds "10"]
[EventCountry "RUS"]
[SourceTitle "EXT 2005"]
[Source "ChessBase"]
[SourceDate "2004.11.15"]
[SourceVersion "1"]
[SourceVersionDate "2004.11.15"]
[SourceQuality "1"]

1. c4 Nf6 2. Nc3 d6 3. g3 e5 4. Bg2 Be7 5. e4 0-0 6. Nge2 Be6 7. d3 c6 8. 0-0 Qd7 9. b3 Bh3 10. d4 Re8 11. Bg5 h6 12. Bxf6 Bxf6 13. d5 Bxg2 14. Kxg2 Na6 15. Nc1 Bg5 16. Nd3 Nc7 17. h4 Be7 18. dxc6 bxc6 19. Nxe5 Qc8 20. Nxc6 Bf6 21. Rc1 Ne6 22. Qxd6 a5 23. Nd5 Kh8 24. Nxf6 gxf6 25. Ne7 Qb7 26. Nd5 Rad8 27. Qb6 Qc8 28. Qe3 1-0

[Event "RUS-ch U16"]
[Site "Dagomys"]
[Date "2004.04.??"]
[Round "?"]
[White "Lovkov, Roman"]
[Black "Antipin, Alexey"]
[Result "1/2-1/2"]
[WhiteElo "2290"]
[BlackElo "2173"]
[PlyCount "70"]
[EventDate "2004.04.??"]
[EventType "swiss"]
[EventRounds "10"]
[EventCountry "RUS"]
[SourceTitle "EXT 2005"]
[Source "ChessBase"]
[SourceDate "2004.11.15"]
[SourceVersion "1"]
[SourceVersionDate "2004.11.15"]
[SourceQuality "1"]

1. d4 Nf6 2. c4 g6 3. Nc3 Bg7 4. e4 d6 5. Nf3 0-0 6. h3 e5 7. d5 Nh5 8. Nh2 Nd7 9. g3 a5 10. Be2 Nhf6 11. Bg5 h6 12. Be3 Nc5 13. Bf3 Bxh3 14. g4 h5 15. gxh5 gxh5 16. Rg1 Kh7 17. Qe2 Rg8 18. 0-0-0 Bh6 19. Bxh6 Kxh6 20. Qe3+ Kh7 21. Bxh5 Qf8 22. Rxg8 Qxg8 23. Be2 Bd7 24. Rh1 Qg2 25. Bf3 Qg6 26. Ng4+ Kg7 27. Rh6 Bxg4 28. Rxg6+ fxg6 29. Bxg4 Nxg4 30. Qg5 Nf6 31. f3 Rh8 32. Qg2 Nh5 33. Ne2 Nd3+ 34. Kb1 Nhf4 35. Nxf4 Nxf4 1/2-1/2